[Event "Nordic Youth Chess Championship"]
[Site "?"]
[Date "2020.02.16"]
[Round "4.10"]
[White "Multanen, Jimi"]
[Black "Easwaralingam, Adesh"]
[Result "1-0"]
[BlackElo "2279"]
[WhiteElo "1701"]
[LiveChessVersion "1.4.8"]

1. b3 {[%clk 1:30:21]} Nf6 {[%clk 1:30:24]} 2. Bb2 {[%clk 1:30:45]} d5
{[%clk 1:30:39]} 3. Nf3 {[%clk 1:30:59]} c5 {[%clk 1:30:33]} 4. g3
{[%clk 1:30:07]} Nc6 {[%clk 1:30:36]} 5. Bg2 {[%clk 1:30:17]} e6 {[%clk 1:29:16]}
6. O-O {[%clk 1:29:40]} Be7 {[%clk 1:29:08]} 7. d4 {[%clk 1:28:23]} O-O
{[%clk 1:26:46]} 8. Nbd2 {[%clk 1:28:03]} b6 {[%clk 1:20:31]} 9. c4
{[%clk 1:26:40]} Bb7 {[%clk 1:19:49]} 10. a3 {[%clk 1:21:05]} Ne4
{[%clk 1:10:59]} 11. dxc5 {[%clk 1:13:59]} Bxc5 {[%clk 1:04:39]} 12. b4
{[%clk 1:12:07]} Be7 {[%clk 1:04:59]} 13. cxd5 {[%clk 1:11:44]} exd5
{[%clk 1:04:32]} 14. Nb3 {[%clk 1:11:43]} Bf6 {[%clk 1:02:04]} 15. Nbd4
{[%clk 1:06:52]} Rc8 {[%clk 1:00:57]} 16. e3 {[%clk 0:49:20]} Nd6
{[%clk 1:00:26]} 17. Nxc6 {[%clk 0:48:31]} Bxc6 {[%clk 1:00:18]} 18. Nd4
{[%clk 0:43:55]} Bb7 {[%clk 1:00:39]} 19. Qe2 {[%clk 0:42:17]} Nc4
{[%clk 1:00:15]} 20. b5 {[%clk 0:41:34]} Rc5 {[%clk 0:55:18]} 21. a4
{[%clk 0:38:37]} Qc8 {[%clk 0:52:45]} 22. Ba3 {[%clk 0:35:05]} Nxa3
{[%clk 0:51:54]} 23. Rxa3 {[%clk 0:33:28]} Rc4 {[%clk 0:51:37]} 24. Qd3
{[%clk 0:31:19]} Qc5 {[%clk 0:47:29]} 25. Ne2 {[%clk 0:21:40]} Ba8
{[%clk 0:39:23]} 26. Rd1 {[%clk 0:19:57]} Rd8 {[%clk 0:38:39]} 27. Ra2
{[%clk 0:18:31]} g6 {[%clk 0:36:49]} 28. Qa3 {[%clk 0:17:20]} Qc8
{[%clk 0:32:21]} 29. Rad2 {[%clk 0:15:18]} Kg7 {[%clk 0:26:07]} 30. Nf4
{[%clk 0:11:12]} d4 {[%clk 0:24:17]} 31. exd4 {[%clk 0:09:51]} Rcxd4
{[%clk 0:22:36]} 32. Rxd4 {[%clk 0:09:53]} Bxd4 {[%clk 0:22:59]} 33. Rxd4
{[%clk 0:09:41]} Rxd4 {[%clk 0:22:32]} 34. Qb2 {[%clk 0:09:56]} Qc4
{[%clk 0:21:06]} 35. Ne2 {[%clk 0:10:10]} Bxg2 {[%clk 0:20:59]} 36. Kxg2
{[%clk 0:10:27]} 1-0

[Event "Nordic Youth Chess Championship"]
[Site "?"]
[Date "2020.02.16"]
[Round "4.11"]
[White "Muntean, Victor"]
[Black "Fjallheim, Leif Reinert"]
[Result "1-0"]
[BlackElo "1996"]
[WhiteElo "1960"]
[LiveChessVersion "1.4.8"]

1. e4 {[%clk 1:30:57]} c5 {[%clk 1:30:50]} 2. c3 {[%clk 1:31:10]} Nf6
{[%clk 1:30:59]} 3. e5 {[%clk 1:31:32]} Nd5 {[%clk 1:31:24]} 4. Nf3
{[%clk 1:31:33]} Nc6 {[%clk 1:31:25]} 5. Bc4 {[%clk 1:31:12]} Nb6
{[%clk 1:30:54]} 6. Bb5 {[%clk 1:29:46]} g6 {[%clk 1:25:00]} 7. d4
{[%clk 1:29:15]} cxd4 {[%clk 1:24:08]} 8. cxd4 {[%clk 1:29:38]} a6
{[%clk 1:22:03]} 9. Bd3 {[%clk 1:26:51]} Bg7 {[%clk 1:21:09]} 10. Nc3
{[%clk 1:23:37]} d6 {[%clk 1:19:05]} 11. Bf4 {[%clk 1:22:44]} Bg4
{[%clk 1:14:53]} 12. exd6 {[%clk 1:19:19]} Nxd4 {[%clk 1:11:06]} 13. Be2
{[%clk 1:16:25]} Bxf3 {[%clk 0:59:50]} 14. Bxf3 {[%clk 1:15:53]} e5
{[%clk 0:55:50]} 15. Be3 {[%clk 1:12:53]} Rb8 {[%clk 0:45:15]} 16. Ne4
{[%clk 0:58:18]} O-O {[%clk 0:43:18]} 17. O-O {[%clk 0:55:48]} Nc4
{[%clk 0:42:00]} 18. Bg5 {[%clk 0:53:50]} f6 {[%clk 0:31:15]} 19. Nxf6+
{[%clk 0:53:10]} Bxf6 {[%clk 0:29:07]} 20. Bd5+ {[%clk 0:53:31]} Kg7
{[%clk 0:29:24]} 21. Bxf6+ {[%clk 0:53:43]} Rxf6 {[%clk 0:28:16]} 22. Bxc4
{[%clk 0:54:06]} Qxd6 {[%clk 0:28:02]} 23. Bd3 {[%clk 0:46:38]} Rd8
{[%clk 0:26:34]} 24. Be4 {[%clk 0:41:19]} Qb6 {[%clk 0:26:39]} 25. Kh1
{[%clk 0:41:38]} Ne6 {[%clk 0:19:12]} 26. Qc2 {[%clk 0:40:15]} Rdf8
{[%clk 0:17:38]} 27. f3 {[%clk 0:38:58]} R8f7 {[%clk 0:16:46]} 28. Rac1
{[%clk 0:35:29]} Nd4 {[%clk 0:15:14]} 29. Qc5 {[%clk 0:35:02]} Qxc5
{[%clk 0:13:41]} 30. Rxc5 {[%clk 0:35:27]} Re7 {[%clk 0:14:07]} 31. Re1
{[%clk 0:28:54]} Rb6 {[%clk 0:11:53]} 32. b3 {[%clk 0:28:13]} Kf6
{[%clk 0:11:32]} 33. Kg1 {[%clk 0:23:40]} Rd6 {[%clk 0:11:39]} 34. Kf2
{[%clk 0:23:21]} Ne6 {[%clk 0:11:16]} 35. Rc4 {[%clk 0:23:09]} Nf4
{[%clk 0:10:48]} 36. g3 {[%clk 0:21:22]} Nd3+ {[%clk 0:09:42]} 37. Bxd3
{[%clk 0:21:46]} Rxd3 {[%clk 0:10:05]} 38. Re2 {[%clk 0:20:47]} Red7
{[%clk 0:09:08]} 39. Rc5 {[%clk 0:19:41]} R3d5 {[%clk 0:09:31]} 40. Rxd5
{[%clk 0:19:42]} Rxd5 {[%clk 0:09:55]} 41. Rc2 {[%clk 0:20:07]} Rd7
{[%clk 0:09:58]} 42. Ke3 {[%clk 0:20:26]} Kf5 {[%clk 0:08:40]} 43. Rc5
{[%clk 0:18:31]} Ke6 {[%clk 0:08:38]} 44. b4 {[%clk 0:16:30]} Kf6
{[%clk 0:07:20]} 45. h4 {[%clk 0:14:10]} h5 {[%clk 0:06:33]} 46. b5
{[%clk 0:14:03]} axb5 {[%clk 0:03:55]} 47. Rxb5 {[%clk 0:14:26]} Ke6
{[%clk 0:03:06]} 48. Rb6+ {[%clk 0:13:36]} Kf5 {[%clk 0:03:12]} 49. a3
{[%clk 0:12:51]} Re7 {[%clk 0:01:19]} 50. Rb4 {[%clk 0:12:28]} b5
{[%clk 0:00:31]} 51. Rxb5 {[%clk 0:11:10]} Ra7 {[%clk 0:00:56]} 52. Rb3
{[%clk 0:11:35]} Ra4 {[%clk 0:01:14]} 53. Kd3 {[%clk 0:09:58]} g5
{[%clk 0:01:30]} 54. hxg5 {[%clk 0:10:24]} Kxg5 {[%clk 0:01:55]} 55. Kc2
{[%clk 0:10:08]} h4 {[%clk 0:01:35]} 56. gxh4+ {[%clk 0:10:32]} Rxh4
{[%clk 0:02:01]} 57. Re3 {[%clk 0:10:24]} Rh2+ {[%clk 0:01:17]} 58. Kb3
{[%clk 0:10:28]} Kf4 {[%clk 0:01:46]} 59. Re4+ {[%clk 0:10:47]} Kf5
{[%clk 0:01:23]} 60. a4 {[%clk 0:10:52]} Rh3 {[%clk 0:01:46]} 61. Re3
{[%clk 0:11:08]} e4 {[%clk 0:01:58]} 62. fxe4+ {[%clk 0:11:23]} 1-0

[Event "Nordic Youth Chess Championship"]
[Site "?"]
[Date "2020.02.16"]
[Round "4.12"]
[White "Aalto, Patrik"]
[Black "Tummasarson, Flovin M."]
[Result "1-0"]
[BlackElo "1664"]
[WhiteElo "2080"]
[LiveChessVersion "1.4.8"]

1. e4 {[%clk 1:30:50]} e5 {[%clk 1:30:52]} 2. Nf3 {[%clk 1:31:09]} Nc6
{[%clk 1:30:48]} 3. Bc4 {[%clk 1:31:17]} Bc5 {[%clk 1:30:46]} 4. c3
{[%clk 1:31:06]} Nf6 {[%clk 1:30:34]} 5. d4 {[%clk 1:31:16]} exd4
{[%clk 1:30:45]} 6. e5 {[%clk 1:30:58]} d5 {[%clk 1:30:33]} 7. Bb5
{[%clk 1:31:12]} Ne4 {[%clk 1:26:52]} 8. cxd4 {[%clk 1:31:25]} Be7
{[%clk 1:26:45]} 9. Nc3 {[%clk 1:30:36]} Bf5 {[%clk 1:26:23]} 10. Be3
{[%clk 1:17:45]} O-O {[%clk 1:23:11]} 11. O-O {[%clk 1:14:05]} Qd7
{[%clk 1:20:23]} 12. Rc1 {[%clk 1:09:39]} Rfd8 {[%clk 1:17:02]} 13. Ne2
{[%clk 1:00:57]} Bg4 {[%clk 1:11:44]} 14. Nf4 {[%clk 0:56:59]} a6
{[%clk 1:09:32]} 15. Be2 {[%clk 0:52:38]} f6 {[%clk 1:04:17]} 16. Nxd5
{[%clk 0:48:35]} fxe5 {[%clk 0:55:05]} 17. Nxe7+ {[%clk 0:45:31]} Nxe7
{[%clk 0:53:01]} 18. Nxe5 {[%clk 0:44:16]} Bxe2 {[%clk 0:52:00]} 19. Qxe2
{[%clk 0:44:17]} Qd6 {[%clk 0:51:27]} 20. Bf4 {[%clk 0:39:19]} Qd5
{[%clk 0:45:39]} 21. Rxc7 {[%clk 0:28:59]} Nf5 {[%clk 0:40:06]} 22. Qg4
{[%clk 0:24:21]} Qe6 {[%clk 0:38:00]} 23. Nf7 {[%clk 0:17:07]} Re8
{[%clk 0:32:01]} 24. Nh6+ {[%clk 0:16:21]} Kh8 {[%clk 0:27:24]} 25. Nxf5
{[%clk 0:15:48]} 1-0

[Event "Nordic Youth Chess Championship"]
[Site "?"]
[Date "2020.02.15"]
[Round "5.1"]
[White "Freyr Heimisson, Hilmir"]
[Black "Orn Birkisson, Bardur"]
[Result "1/2-1/2"]
[BlackElo "2186"]
[WhiteElo "2250"]
[LiveChessVersion "1.4.8"]

1. c4 {[%clk 1:30:58]} c6 {[%clk 1:30:14]} 2. g3 {[%clk 1:31:23]} d5
{[%clk 1:30:30]} 3. Nf3 {[%clk 1:31:48]} Bg4 {[%clk 1:28:28]} 4. Bg2
{[%clk 1:31:25]} e6 {[%clk 1:28:08]} 5. O-O {[%clk 1:23:48]} Nd7 {[%clk 1:26:59]}
6. cxd5 {[%clk 1:14:48]} exd5 {[%clk 1:16:30]} 7. d3 {[%clk 1:14:03]} Ngf6
{[%clk 1:16:31]} 8. Nc3 {[%clk 1:13:47]} Bd6 {[%clk 1:13:58]} 9. Qc2
{[%clk 1:08:26]} O-O {[%clk 1:11:31]} 10. h3 {[%clk 1:08:42]} Bxf3
{[%clk 1:05:36]} 11. Bxf3 {[%clk 1:08:42]} Re8 {[%clk 0:56:11]} 12. e4
{[%clk 1:05:02]} dxe4 {[%clk 0:55:19]} 13. dxe4 {[%clk 1:05:19]} Qc7
{[%clk 0:42:26]} 14. Bg2 {[%clk 0:57:49]} Nc5 {[%clk 0:21:58]} 15. Bg5
{[%clk 0:54:51]} Be5 {[%clk 0:16:44]} 16. Be3 {[%clk 0:48:00]} Bxc3
{[%clk 0:14:49]} 17. Bxc5 {[%clk 0:48:07]} Ba5 {[%clk 0:14:34]} 18. Rad1
{[%clk 0:47:00]} Rad8 {[%clk 0:14:30]} 19. Rxd8 {[%clk 0:43:22]} Rxd8
{[%clk 0:14:43]} 20. Rd1 {[%clk 0:43:25]} Rxd1+ {[%clk 0:12:11]} 21. Qxd1
{[%clk 0:43:51]} Bb6 {[%clk 0:12:35]} 22. Qd6 {[%clk 0:43:20]} Qxd6
{[%clk 0:11:57]} 23. Bxd6 {[%clk 0:43:48]} Bd4 {[%clk 0:11:46]} 24. b3
{[%clk 0:44:10]} Nd7 {[%clk 0:10:15]} 25. Kf1 {[%clk 0:39:27]} f6
{[%clk 0:09:27]} 26. Ke2 {[%clk 0:39:50]} Kf7 {[%clk 0:09:27]} 27. h4
{[%clk 0:40:09]} Nc5 {[%clk 0:05:31]} 28. Bf4 {[%clk 0:38:38]} a5
{[%clk 0:03:54]} 29. Be3 {[%clk 0:27:00]} Bxe3 {[%clk 0:04:00]} 30. Kxe3
{[%clk 0:27:29]} Ke6 {[%clk 0:03:50]} 31. Kd4 {[%clk 0:27:15]} Kd6
{[%clk 0:04:01]} 32. Bh3 {[%clk 0:25:03]} Na6 {[%clk 0:00:57]} 33. f4
{[%clk 0:22:02]} Nb4 {[%clk 0:00:51]} 34. e5+ {[%clk 0:22:05]} fxe5+
{[%clk 0:01:00]} 35. fxe5+ {[%clk 0:22:35]} Ke7 {[%clk 0:01:19]} 36. Bf5
{[%clk 0:22:45]} Nxa2 {[%clk 0:01:23]} 37. Bxh7 {[%clk 0:23:07]} b5
{[%clk 0:00:49]} 38. Bf5 {[%clk 0:20:19]} Nc1 {[%clk 0:00:48]} 39. Bc2
{[%clk 0:19:48]} a4 {[%clk 0:00:39]} 40. bxa4 {[%clk 0:18:01]} bxa4
{[%clk 0:01:00]} 41. Bxa4 {[%clk 0:18:27]} Ne2+ {[%clk 0:01:19]} 42. Ke3
{[%clk 0:18:10]} Nxg3 {[%clk 0:01:36]} 43. Kf4 {[%clk 0:18:34]} Ne2+
{[%clk 0:01:38]} 44. Kf5 {[%clk 0:18:24]} Nd4+ {[%clk 0:01:32]} 45. Ke4
{[%clk 0:16:00]} c5 {[%clk 0:01:33]} 46. h5 {[%clk 0:16:02]} Ke6 {[%clk 0:01:40]}
47. Bd1 {[%clk 0:16:26]} Nc6 {[%clk 0:01:33]} 48. Bb3+ {[%clk 0:16:27]} Ke7
{[%clk 0:01:28]} 49. Kd5 {[%clk 0:16:16]} Nd4 {[%clk 0:01:52]} 50. Bd1
{[%clk 0:16:22]} Ne6 {[%clk 0:02:13]} 51. Bg4 {[%clk 0:16:13]} Nf4+
{[%clk 0:00:59]} 52. Kxc5 {[%clk 0:16:31]} Nd3+ {[%clk 0:00:34]} 53. Kd4
{[%clk 0:16:23]} Nb4 {[%clk 0:00:38]} 54. Ke4 {[%clk 0:16:06]} Nc6
{[%clk 0:00:40]} 55. Be2 {[%clk 0:15:57]} Kf7 {[%clk 0:00:45]} 56. Bc4+
{[%clk 0:16:11]} Kf8 {[%clk 0:00:33]} 57. Kd5 {[%clk 0:13:49]} Ne7+
{[%clk 0:00:56]} 58. Kd6 {[%clk 0:12:05]} g6 {[%clk 0:01:20]} 59. hxg6
{[%clk 0:01:27]} Nxg6 {[%clk 0:01:43]} 60. e6 {[%clk 0:01:56]} Ne7
{[%clk 0:02:04]} 61. Bd3 {[%clk 0:01:55]} Ng8 {[%clk 0:02:25]} 62. Be4
{[%clk 0:01:42]} Ne7 {[%clk 0:02:40]} 63. Kd7 {[%clk 0:01:55]} Ng8
{[%clk 0:02:55]} 64. Bh7 {[%clk 0:01:52]} Ne7 {[%clk 0:03:19]} 65. Kd6
{[%clk 0:02:01]} Nc8+ {[%clk 0:03:43]} 66. Kd7 {[%clk 0:02:19]} Ne7
{[%clk 0:04:08]} 67. Be4 {[%clk 0:01:50]} Ng8 {[%clk 0:04:31]} 68. Bb1
{[%clk 0:02:18]} Ne7 {[%clk 0:04:52]} 69. Bh7 {[%clk 0:02:45]} Nd5
{[%clk 0:05:15]} 1/2-1/2

[Event "Nordic Youth Chess Championship"]
[Site "?"]
[Date "2020.02.15"]
[Round "5.2"]
[White "Storme, Isak"]
[Black "Lund, Gunnar"]
[Result "1-0"]
[BlackElo "2288"]
[WhiteElo "2314"]
[LiveChessVersion "1.4.8"]

1. d4 {[%clk 1:30:19]} Nf6 {[%clk 1:30:28]} 2. c4 {[%clk 1:30:35]} e6
{[%clk 1:30:52]} 3. g3 {[%clk 1:30:49]} d5 {[%clk 1:31:02]} 4. Bg2
{[%clk 1:30:28]} Be7 {[%clk 1:31:24]} 5. Nf3 {[%clk 1:30:52]} O-O
{[%clk 1:31:47]} 6. O-O {[%clk 1:31:16]} dxc4 {[%clk 1:32:09]} 7. Qc2
{[%clk 1:31:36]} a6 {[%clk 1:32:32]} 8. a4 {[%clk 1:32:02]} Bd7 {[%clk 1:32:52]}
9. Rd1 {[%clk 1:30:58]} c5 {[%clk 1:20:56]} 10. dxc5 {[%clk 1:11:19]} Qa5
{[%clk 1:19:24]} 11. Nbd2 {[%clk 1:00:37]} Qxc5 {[%clk 1:11:16]} 12. Nxc4
{[%clk 1:00:35]} Nc6 {[%clk 1:09:42]} 13. Be3 {[%clk 0:59:00]} Qh5
{[%clk 1:08:46]} 14. Nb6 {[%clk 0:54:13]} Rad8 {[%clk 1:08:39]} 15. Nxd7
{[%clk 0:50:54]} Rxd7 {[%clk 1:03:21]} 16. Rxd7 {[%clk 0:49:08]} Nxd7
{[%clk 1:03:41]} 17. Nd4 {[%clk 0:48:03]} Nxd4 {[%clk 0:29:55]} 18. Bxd4
{[%clk 0:48:27]} e5 {[%clk 0:29:55]} 19. Be3 {[%clk 0:41:11]} Nf6
{[%clk 0:29:47]} 20. Qc7 {[%clk 0:30:07]} Bb4 {[%clk 0:18:44]} 21. Qxb7
{[%clk 0:23:14]} a5 {[%clk 0:19:07]} 22. Bf3 {[%clk 0:22:24]} Qg6
{[%clk 0:15:43]} 23. Rc1 {[%clk 0:21:43]} h5 {[%clk 0:15:50]} 24. h4
{[%clk 0:18:39]} Qf5 {[%clk 0:13:44]} 25. Bg2 {[%clk 0:16:44]} Rd8
{[%clk 0:11:21]} 26. Bg5 {[%clk 0:14:39]} Re8 {[%clk 0:09:28]} 27. e4
{[%clk 0:12:51]} Qd7 {[%clk 0:09:07]} 28. Rc7 {[%clk 0:10:43]} Qd1+
{[%clk 0:09:31]} 29. Bf1 {[%clk 0:11:09]} Qf3 {[%clk 0:06:15]} 30. Bc4
{[%clk 0:05:22]} Be1 {[%clk 0:01:49]} 31. Be3 {[%clk 0:05:06]} Rd8
{[%clk 0:01:45]} 32. Rxf7 {[%clk 0:03:38]} Kh8 {[%clk 0:02:14]} 33. Qe7
{[%clk 0:02:03]} Bxf2+ {[%clk 0:00:36]} 34. Bxf2 {[%clk 0:02:28]} Rd1+
{[%clk 0:00:53]} 35. Bf1 {[%clk 0:02:51]} Rxf1+ {[%clk 0:01:16]} 36. Kxf1
{[%clk 0:03:15]} Qh1+ {[%clk 0:01:41]} 37. Ke2 {[%clk 0:02:56]} Qxe4+
{[%clk 0:02:06]} 38. Kd2 {[%clk 0:02:56]} Qd5+ {[%clk 0:02:20]} 39. Kc2
{[%clk 0:02:40]} Qc4+ {[%clk 0:02:11]} 40. Kb1 {[%clk 0:02:47]} Qd3+
{[%clk 0:00:41]} 41. Ka2 {[%clk 0:02:59]} Qc4+ {[%clk 0:00:34]} 42. Ka3
{[%clk 0:03:02]} Qd3+ {[%clk 0:00:32]} 43. b3 {[%clk 0:03:21]} 1-0

[Event "Nordic Youth Chess Championship"]
[Site "?"]
[Date "2020.02.15"]
[Round "5.3"]
[White "Kristensen, Bjarke Hautop"]
[Black "Crevatin, Leo"]
[Result "1-0"]
[BlackElo "2219"]
[WhiteElo "2227"]
[LiveChessVersion "1.4.8"]

1. c4 {[%clk 1:30:59]} e6 {[%clk 1:30:36]} 2. g3 {[%clk 1:31:20]} d5
{[%clk 1:30:16]} 3. Bg2 {[%clk 1:31:44]} dxc4 {[%clk 1:29:47]} 4. Nf3
{[%clk 1:32:03]} a6 {[%clk 1:30:10]} 5. a4 {[%clk 1:25:47]} Nc6 {[%clk 1:30:35]}
6. O-O {[%clk 1:24:55]} e5 {[%clk 1:28:50]} 7. Na3 {[%clk 1:09:02]} Be6
{[%clk 1:22:50]} 8. Qc2 {[%clk 0:57:01]} Bxa3 {[%clk 1:22:42]} 9. bxa3
{[%clk 0:57:24]} f6 {[%clk 1:15:40]} 10. Bb2 {[%clk 0:30:46]} Nge7
{[%clk 1:13:46]} 11. Rfe1 {[%clk 0:30:24]} O-O {[%clk 1:11:19]} 12. d3
{[%clk 0:28:30]} cxd3 {[%clk 1:07:41]} 13. exd3 {[%clk 0:28:58]} Bd5
{[%clk 1:06:31]} 14. Rad1 {[%clk 0:22:09]} Qe8 {[%clk 1:00:11]} 15. d4
{[%clk 0:18:40]} Qh5 {[%clk 0:53:47]} 16. dxe5 {[%clk 0:16:38]} fxe5
{[%clk 0:48:46]} 17. Nxe5 {[%clk 0:15:54]} Bxg2 {[%clk 0:48:17]} 18. Kxg2
{[%clk 0:16:22]} Nxe5 {[%clk 0:47:10]} 19. Rxe5 {[%clk 0:16:43]} Qf3+
{[%clk 0:47:18]} 20. Kg1 {[%clk 0:17:10]} Nc6 {[%clk 0:46:40]} 21. Rg5
{[%clk 0:15:11]} Rf7 {[%clk 0:27:44]} 22. Rd3 {[%clk 0:15:35]} Qe4
{[%clk 0:26:41]} 23. Rd8+ {[%clk 0:15:51]} Rxd8 {[%clk 0:27:09]} 24. Qxe4
{[%clk 0:16:15]} 1-0

[Event "Nordic Youth Chess Championship"]
[Site "?"]
[Date "2020.02.15"]
[Round "5.4"]
[White "Risting, Eivind Olav"]
[Black "Lahdelma, Henri"]
[Result "1/2-1/2"]
[BlackElo "2253"]
[WhiteElo "2306"]
[LiveChessVersion "1.4.8"]

1. c4 {[%clk 1:30:41]} Nf6 {[%clk 1:30:50]} 2. Nc3 {[%clk 1:30:19]} e6
{[%clk 1:31:00]} 3. d4 {[%clk 1:29:50]} d5 {[%clk 1:31:22]} 4. cxd5
{[%clk 1:29:56]} exd5 {[%clk 1:31:46]} 5. Bg5 {[%clk 1:30:19]} c6
{[%clk 1:31:55]} 6. e3 {[%clk 1:29:11]} Be7 {[%clk 1:32:00]} 7. Bd3
{[%clk 1:28:57]} Nbd7 {[%clk 1:31:47]} 8. Nge2 {[%clk 1:24:29]} O-O
{[%clk 1:31:39]} 9. Qc2 {[%clk 1:24:06]} Re8 {[%clk 1:30:35]} 10. O-O
{[%clk 1:24:19]} Nf8 {[%clk 1:27:41]} 11. Rae1 {[%clk 1:17:16]} Ne4
{[%clk 1:24:33]} 12. Bf4 {[%clk 1:12:14]} f5 {[%clk 1:18:53]} 13. f3
{[%clk 1:10:52]} Nxc3 {[%clk 1:19:14]} 14. bxc3 {[%clk 1:08:55]} g6
{[%clk 1:19:38]} 15. e4 {[%clk 1:04:45]} fxe4 {[%clk 1:14:34]} 16. fxe4
{[%clk 1:04:00]} dxe4 {[%clk 1:13:17]} 17. Bxe4 {[%clk 1:02:15]} Be6
{[%clk 1:13:12]} 18. Rf3 {[%clk 0:30:35]} Bd6 {[%clk 1:03:19]} 19. Ref1
{[%clk 0:25:02]} Bc4 {[%clk 0:54:28]} 20. Bd3 {[%clk 0:18:44]} Bd5
{[%clk 0:50:04]} 21. Rg3 {[%clk 0:15:53]} Qc7 {[%clk 0:35:00]} 22. Bxd6
{[%clk 0:11:25]} Qxd6 {[%clk 0:35:24]} 23. c4 {[%clk 0:11:20]} Bf7
{[%clk 0:30:41]} 24. Rgf3 {[%clk 0:09:37]} Re7 {[%clk 0:30:03]} 25. Rf6
{[%clk 0:05:30]} Qd7 {[%clk 0:29:57]} 26. c5 {[%clk 0:02:19]} Ne6
{[%clk 0:23:38]} 27. Bc4 {[%clk 0:02:13]} Rf8 {[%clk 0:22:56]} 28. Qc3
{[%clk 0:02:04]} Ng5 {[%clk 0:12:18]} 29. Bxf7+ {[%clk 0:01:10]} Rfxf7
{[%clk 0:12:18]} 30. Rxf7 {[%clk 0:01:05]} Rxf7 {[%clk 0:12:17]} 31. Rxf7
{[%clk 0:01:11]} Qxf7 {[%clk 0:12:41]} 32. Qe3 {[%clk 0:01:04]} Qf5
{[%clk 0:10:20]} 33. h3 {[%clk 0:00:56]} Ne6 {[%clk 0:10:13]} 34. a3
{[%clk 0:01:06]} Qd5 {[%clk 0:10:06]} 35. Kh2 {[%clk 0:01:22]} Kf7
{[%clk 0:09:36]} 36. Nf4 {[%clk 0:01:26]} Qf5 {[%clk 0:09:15]} 37. Nxe6
{[%clk 0:01:37]} Qxe6 {[%clk 0:09:43]} 38. Qf4+ {[%clk 0:01:50]} Qf6
{[%clk 0:09:35]} 1/2-1/2

[Event "Nordic Youth Chess Championship"]
[Site "?"]
[Date "2020.02.15"]
[Round "5.5"]
[White "Takala, Jaakko"]
[Black "Kistrup, Nicolai"]
[Result "0-1"]
[BlackElo "2194"]
[WhiteElo "1686"]
[LiveChessVersion "1.4.8"]

1. e4 {[%clk 1:30:59]} c5 {[%clk 1:30:54]} 2. Nf3 {[%clk 1:31:18]} e6
{[%clk 1:31:11]} 3. d4 {[%clk 1:31:00]} cxd4 {[%clk 1:31:35]} 4. Nxd4
{[%clk 1:31:26]} Nc6 {[%clk 1:31:57]} 5. Nc3 {[%clk 1:31:07]} Qc7
{[%clk 1:31:43]} 6. Ndb5 {[%clk 1:23:38]} Qb8 {[%clk 1:30:00]} 7. f4
{[%clk 1:22:22]} a6 {[%clk 1:23:23]} 8. Nd4 {[%clk 1:22:25]} Bb4 {[%clk 1:17:11]}
9. Nxc6 {[%clk 1:20:29]} bxc6 {[%clk 1:11:07]} 10. Qg4 {[%clk 1:18:21]} Kf8
{[%clk 1:01:32]} 11. Bd3 {[%clk 1:15:44]} d5 {[%clk 0:56:28]} 12. Qh4
{[%clk 1:08:03]} Qb6 {[%clk 0:49:58]} 13. Bd2 {[%clk 1:03:27]} dxe4
{[%clk 0:38:28]} 14. Bxe4 {[%clk 0:53:59]} Nf6 {[%clk 0:37:58]} 15. Bf3
{[%clk 0:40:09]} Rb8 {[%clk 0:32:47]} 16. Rd1 {[%clk 0:26:02]} a5
{[%clk 0:26:10]} 17. a3 {[%clk 0:22:17]} Be7 {[%clk 0:19:07]} 18. f5
{[%clk 0:15:07]} exf5 {[%clk 0:14:47]} 19. Qa4 {[%clk 0:14:59]} Ng4
{[%clk 0:13:19]} 20. Bxg4 {[%clk 0:13:17]} fxg4 {[%clk 0:13:41]} 21. Bf4
{[%clk 0:12:45]} Ba6 {[%clk 0:12:22]} 22. Kd2 {[%clk 0:04:27]} Rb7
{[%clk 0:08:35]} 23. Rhe1 {[%clk 0:04:16]} f6 {[%clk 0:03:53]} 24. Rxe7
{[%clk 0:03:10]} Kxe7 {[%clk 0:02:26]} 25. Qe4+ {[%clk 0:02:54]} Kf7
{[%clk 0:02:06]} 26. Re1 {[%clk 0:03:02]} Rd8+ {[%clk 0:02:14]} 0-1

[Event "Nordic Youth Chess Championship"]
[Site "?"]
[Date "2020.02.15"]
[Round "5.6"]
[White "Morkore, Rogvi"]
[Black "Skaale, Janus"]
[Result "0-1"]
[BlackElo "1799"]
[WhiteElo "1589"]
[LiveChessVersion "1.4.8"]

1. c4 {[%clk 1:30:51]} e5 {[%clk 1:30:50]} 2. Nc3 {[%clk 1:31:09]} Nf6
{[%clk 1:31:10]} 3. g3 {[%clk 1:31:22]} d5 {[%clk 1:31:25]} 4. cxd5
{[%clk 1:31:25]} Nxd5 {[%clk 1:31:49]} 5. Bg2 {[%clk 1:31:35]} Nb6
{[%clk 1:32:00]} 6. e3 {[%clk 1:30:11]} Be7 {[%clk 1:28:28]} 7. Nge2
{[%clk 1:28:07]} Nc6 {[%clk 1:27:41]} 8. a3 {[%clk 1:22:37]} Be6 {[%clk 1:15:50]}
9. d4 {[%clk 1:15:49]} exd4 {[%clk 1:15:33]} 10. Bxc6+ {[%clk 1:15:26]} bxc6
{[%clk 1:14:50]} 11. Nxd4 {[%clk 1:15:28]} Bd7 {[%clk 1:13:15]} 12. Qf3
{[%clk 1:14:25]} c5 {[%clk 1:01:34]} 13. Nc6 {[%clk 1:13:36]} Bxc6
{[%clk 1:01:53]} 14. Qxc6+ {[%clk 1:14:02]} Qd7 {[%clk 1:00:49]} 15. Qxd7+
{[%clk 1:13:19]} Nxd7 {[%clk 1:01:14]} 16. f4 {[%clk 1:09:33]} O-O
{[%clk 0:57:17]} 17. e4 {[%clk 1:02:47]} Nb6 {[%clk 0:53:33]} 18. Ke2
{[%clk 0:45:02]} Rfd8 {[%clk 0:46:36]} 19. Be3 {[%clk 0:21:31]} Nc4
{[%clk 0:44:25]} 20. b3 {[%clk 0:21:12]} Nxe3 {[%clk 0:29:50]} 21. Kxe3
{[%clk 0:21:31]} Rab8 {[%clk 0:30:13]} 22. Rab1 {[%clk 0:18:22]} c4
{[%clk 0:28:50]} 23. bxc4 {[%clk 0:17:04]} Bxa3 {[%clk 0:29:01]} 24. Rhd1
{[%clk 0:14:59]} Rdc8 {[%clk 0:18:14]} 25. Kf3 {[%clk 0:07:24]} g6
{[%clk 0:17:20]} 26. e5 {[%clk 0:07:13]} a5 {[%clk 0:08:45]} 27. Rxb8
{[%clk 0:06:57]} Rxb8 {[%clk 0:09:06]} 28. Nb5 {[%clk 0:07:20]} c6
{[%clk 0:04:18]} 29. Nxa3 {[%clk 0:07:45]} Rb3+ {[%clk 0:04:40]} 30. Ke4
{[%clk 0:08:09]} Rxa3 {[%clk 0:05:05]} 31. Kd4 {[%clk 0:04:05]} Kf8
{[%clk 0:02:09]} 32. Kc5 {[%clk 0:04:20]} Ke7 {[%clk 0:02:29]} 33. Kxc6
{[%clk 0:03:24]} a4 {[%clk 0:02:15]} 34. Kb5 {[%clk 0:01:37]} Ra2
{[%clk 0:02:29]} 35. c5 {[%clk 0:01:37]} a3 {[%clk 0:02:19]} 36. Kb4
{[%clk 0:01:17]} Rc2 {[%clk 0:02:03]} 37. Kxa3 {[%clk 0:00:50]} Rxc5
{[%clk 0:02:30]} 38. Rd4 {[%clk 0:00:34]} Rc2 {[%clk 0:02:26]} 39. h4
{[%clk 0:00:37]} Rc3+ {[%clk 0:02:29]} 40. Kb4 {[%clk 0:00:49]} Rxg3
{[%clk 0:02:48]} 41. h5 {[%clk 0:00:37]} gxh5 {[%clk 0:02:19]} 42. Rd1
{[%clk 0:00:53]} Rf3 {[%clk 0:02:29]} 43. Rd4 {[%clk 0:01:08]} h4
{[%clk 0:01:33]} 44. f5 {[%clk 0:01:01]} Rxf5 {[%clk 0:01:39]} 45. Rxh4
{[%clk 0:01:25]} h5 {[%clk 0:02:00]} 46. Kc4 {[%clk 0:00:51]} Rxe5
{[%clk 0:02:03]} 47. Kd4 {[%clk 0:01:14]} Ke6 {[%clk 0:01:23]} 0-1